000 00228nam a22000857a 4500
008 160705b xxu||||| |||| 00| 0 eng d
100 _92211
_a Sharma, M.L
245 _aIndian Education at Cross Roads
260 _aNew Delhi
_bArya
_c2005
999 _c1900
_d1900